Grey's Anatomy - Characters and their specialties - Statistics

General Stats
  • This quiz has been taken 799 times
  • The average score is 11 of 15
Answer Stats
Doctor Answer % Correct
Dr. Derek Shepherd Neurosurgery
98%
Dr. Mark Sloan Plastic Surgery and Otolaryngology
85%
Dr. Owen Hunt Trauma Surgery
84%
Dr. Maggie Pierce Cardiothoracic Surgery
83%
Dr. Christina Yang Cardiothoracic Surgery
83%
Dr. Callie Torres Orthopedic Surgery
82%
Dr. Amelia Shepherd Neurosurgery
81%
Dr. Jackson Avery Plastic Surgery and Otolaryngology
80%
Dr. Preston Burke Cardiothoracic Surgery
78%
Dr. Alex Karev Pediatric Surgery
75%
Dr. Meredith Grey General Surgery
74%
Dr. Miranda Bailey General Surgery
70%
Dr. Arizona Robins Pediatric Surgery
63%
Dr. Addison Montgomery Pediatric Surgery
56%
Dr. Lexie Grey General Surgery
36%
No matching quizzes found
Score Distribution
Percent of People with Each Score
Percentile by Number Answered
Your Score History
You have not taken this quiz